| 000 | 00487nam a22001457a 4500 | ||
|---|---|---|---|
| 082 | _a620.005 | ||
| 100 | _aHamza, Ameer | ||
| 245 |
_aRole of Measurement in Engineering Education: _bMeasure Student Motivation with LMS / _cAmeer Hamza |
||
| 260 |
_aIslamabad : _bCEME - NUST, _c2013. |
||
| 300 |
_a95 p. ; _c30cm. |
||
| 650 |
_aEngineering Management-MS-Thesis _916065 |
||
| 700 |
_aDr. Qaiser Malik _931435 |
||
| 942 |
_2ddc _cTHE |
||
| 999 |
_c536333 _d536333 |
||